| 000 | 00873nam a2200301Ia 4500 | ||
|---|---|---|---|
| 001 | 11437 | ||
| 003 | IT-RoPAU | ||
| 008 | 130308s9999 xx 000 0 und d | ||
| 040 | _aIT-RoPAU | ||
| 040 | _cIT-RoPAU | ||
| 041 | _aFRANCESE | ||
| 100 | _aHalle Morris | ||
| 100 | _gCodice Aut. SPICS: 3289 | ||
| 245 | _aDu metre et de la prosodie | ||
| 245 | _bHypotheses-Trois Entretiens et Trois Etudes Sul la linguistique et la Poetique | ||
| 250 | _a1a ed. | ||
| 260 | _aPARIS | ||
| 260 | _bSeghers - Laffont | ||
| 260 | _c1972 [1° Ed.:1972 - Ed.Ling.Originale:1968] | ||
| 300 | _a"24 p. (prefazione: no ; testo: 24 [pagine: 103-126])" | ||
| 500 | _aMetro e Prosodia regole di Trasformazione strutture Metriche Astratte | ||
| 650 | _aLINGUISTICA | ||
| 650 | _eCodice materia Spics: 3201 | ||
| 942 | _cBK | ||
| 957 | _71 | ||
| 999 |
_c39247 _d39247 |
||
| 999 | _bSI | ||
| 999 | _g1 | ||